E se só os times que nunca ganhram o Brasileirão pudessem disputá-lo? - Statistics

Estatísticas Gerais
  • Esse quiz foi jogado 41 vezes
  • A pontuação média é 50 de 68
Estatísticas das Respostas
Ano Resposta % Correto
1968 Bangu/Fortaleza
94%
1960 Fortaleza
94%
2019 Fortaleza
94%
2021 Fortaleza
94%
2022 Fortaleza
94%
2024 Fortaleza
94%
1970 Santa Cruz
91%
1975 Santa Cruz
91%
1976 Santa Cruz
91%
1978 Santa Cruz
91%
1973 Vitória
91%
1974 Vitória
91%
1993 Vitória
91%
1999 Vitória
91%
2013 Vitória
91%
1959 Ceará
89%
1964 Ceará
89%
2010 Ceará
89%
1967 Portuguesa/Náutico
89%
1983 Goiás
86%
2004 Goiás
86%
2005 Goiás
86%
2008 Goiás
86%
2014 Goiás
86%
2025 Mirassol
86%
1965 Náutico
83%
1966 Náutico
83%
1984 Náutico
83%
2012 Náutico
83%
1980 Ponte Preta
83%
1981 Ponte Preta
83%
2015 Ponte Preta
83%
2016 Ponte Preta
83%
2009 Avaí
80%
2017 Chapecoense
77%
2018 Chapecoense
77%
2000 São Caetano
77%
2001 São Caetano
77%
2002 São Caetano
77%
2003 São Caetano
77%
2007 Figueirense
74%
2011 Figueirense
74%
1988 Portuguesa
74%
1989 Portuguesa
74%
1996 Portuguesa
74%
1997 Portuguesa
74%
1998 Portuguesa
74%
2006 Paraná
71%
1990 Bragantino
69%
1991 Bragantino
69%
1992 Bragantino
69%
1994 Bragantino
69%
1995 Bragantino
69%
2020 RB Bragantino
69%
2023 RB Bragantino
69%
1982 Bangu
66%
1985 Bangu
66%
1987 Bangu
66%
1961 América RJ
40%
1969 América RJ
40%
1971 América RJ
40%
1972 América RJ
40%
1986 América RJ
40%
1962 Campinense
17%
1977 Operário MS
17%
1979 Operário MS
17%
1937 Rio Branco ES
11%
1963 Rio Branco ES
11%
Nenhum quiz correspondente encontrado
Distribuição das Pontuações
Porcentagem de Pessoas com Cada Pontuação
Percentil de Números Respondidos
Sua Pontuação Histórica
Você não jogou esse quiz